[Event "POL-chT 2nd League"]
[Site "Wysowa"]
[Date "2005.09.01"]
[Round "6.72"]
[White "Ozga, Magdalena"]
[Black "Kaluzna, Kamila"]
[Result "1-0"]
[WhiteElo "1938"]
[BlackElo "1747"]
[PlyCount "95"]
[EventDate "2005.08.27"]
[EventType "team-swiss"]
[EventRounds "9"]
[EventCountry "POL"]
[SourceTitle "EXT 2019"]
[Source "ChessBase"]
[SourceDate "2018.10.10"]
[SourceVersion "1"]
[SourceVersionDate "2018.10.10"]
[SourceQuality "1"]
[WhiteTeam "Rzeszow Zelmer II"]
[BlackTeam "Konin Hetman"]
[WhiteTeamCountry "POL"]
[BlackTeamCountry "POL"]

1. e4 c6 2. d4 d5 3. Nc3 dxe4 4. Nxe4 Nf6 5. Nxf6+ exf6 6. c3 Bf5 7. Nf3 Bd6 8. Bd3 Bxd3 9. Qxd3 Nd7 10. Bd2 0-0 11. 0-0-0 Qa5 12. Kb1 b5 13. g4 Qc7 14. h4 Rfb8 15. g5 c5 16. dxc5 Bxc5 17. Be3 Bxe3 18. fxe3 Ne5 19. Qf5 Nxf3 20. Qxf3 fxg5 21. hxg5 Qe5 22. Rd7 Rf8 23. Rd5 Qe8 24. Qh3 Qe4+ 25. Ka1 Rad8 26. Rf5 h6 27. gxh6 g6 28. h7+ Kh8 29. Rf4 Qc2 30. Rd4 Rxd4 31. exd4 Re8 32. a3 Qf2 33. Rh2 Qe1+ 34. Ka2 Qe6+ 35. Qxe6 Rxe6 36. Kb3 f5 37. Kb4 a6 38. d5 Re5 39. Rd2 f4 40. d6 Re8 41. d7 Rd8 42. Kc5 g5 43. Kc6 g4 44. Kc7 Rxd7+ 45. Kxd7 Kxh7 46. Rd4 Kg6 47. Rxf4 Kg5 48. Rf1 1-0

[Event "POL-chT 2nd League"]
[Site "Polanica Zdroj"]
[Date "2004.09.11"]
[Round "10.102"]
[White "Kaluzna, Kamila"]
[Black "Giemza, Joanna"]
[Result "1/2-1/2"]
[WhiteElo "1600"]
[BlackElo "1940"]
[PlyCount "56"]
[EventDate "2004.09.04"]
[EventType "team-swiss"]
[EventRounds "11"]
[EventCountry "POL"]
[SourceTitle "EXT 2019"]
[Source "ChessBase"]
[SourceDate "2018.10.10"]
[SourceVersion "1"]
[SourceVersionDate "2018.10.10"]
[SourceQuality "1"]
[WhiteTeam "Konin Hetman"]
[BlackTeam "Kielce Fart"]
[WhiteTeamCountry "POL"]
[BlackTeamCountry "POL"]

1. e4 c5 2. c3 Nf6 3. e5 Nd5 4. d4 cxd4 5. Nf3 Nc6 6. Bb5 g6 7. 0-0 Bg7 8. cxd4 0-0 9. Nc3 Nxc3 10. bxc3 d6 11. exd6 Qxd6 12. h3 a6 13. Ba4 Be6 14. Re1 Na5 15. Bb3 Bc4 16. Ne5 Rac8 17. Nxc4 Nxc4 18. Qe2 Na5 19. Qxe7 Qxe7 20. Rxe7 Nxb3 21. axb3 Rxc3 22. Rxb7 Bxd4 23. Bb2 Bxf2+ 24. Kxf2 Rc2+ 25. Kg1 Rxb2 26. Rxa6 Rc8 27. Rf6 Rf8 28. b4 Kg7 1/2-1/2

[Event "POL-chT 2nd League"]
[Site "Polanica Zdroj"]
[Date "2004.09.06"]
[Round "3"]
[White "Kaluzna, Kamila"]
[Black "Rzepecka, Dorota"]
[Result "1/2-1/2"]
[WhiteElo "1600"]
[BlackElo "1928"]
[PlyCount "58"]
[EventDate "2004.09.04"]
[EventType "team-swiss"]
[EventRounds "11"]
[EventCountry "POL"]
[SourceTitle "CBM 102 Extra"]
[Source "ChessBase"]
[SourceDate "2004.11.03"]
[SourceVersion "1"]
[SourceVersionDate "2004.11.03"]
[SourceQuality "1"]
[WhiteTeam "Konin Hetman"]
[BlackTeam "Miedzyborow Wrzos"]
[WhiteTeamCountry "POL"]
[BlackTeamCountry "POL"]

1. e4 c5 2. c3 d5 3. exd5 Qxd5 4. d4 Nc6 5. Be3 cxd4 6. cxd4 e5 7. Nc3 Bb4 8. a3 Bxc3+ 9. bxc3 exd4 10. cxd4 Nf6 11. h3 0-0 12. Nf3 Bf5 13. Be2 Rad8 14. 0-0 Rfe8 15. Qd2 Qe6 16. Qb2 Qe7 17. Bc4 Be4 18. Ng5 Bd5 19. Be2 h6 20. Nf3 Be4 21. Nd2 Bd5 22. Rad1 Qd7 23. Rfe1 Ne4 24. Bf3 b6 25. Bxh6 Nxf2 26. Kxf2 gxh6 27. Rf1 Bxf3 28. Nxf3 Qd5 29. Qd2 Rd6 1/2-1/2

[Event "POL-chT 2nd League"]
[Site "Polanica Zdroj"]
[Date "2004.09.04"]
[Round "1"]
[White "Janiszyn, Elzbieta"]
[Black "Kaluzna, Kamila"]
[Result "1-0"]
[WhiteElo "2000"]
[BlackElo "1600"]
[PlyCount "45"]
[EventDate "2004.09.04"]
[EventType "team-swiss"]
[EventRounds "11"]
[EventCountry "POL"]
[SourceTitle "CBM 102 Extra"]
[Source "ChessBase"]
[SourceDate "2004.11.03"]
[SourceVersion "1"]
[SourceVersionDate "2004.11.03"]
[SourceQuality "1"]
[WhiteTeam "Czerwionka Gornik 23"]
[BlackTeam "Konin Hetman"]
[WhiteTeamCountry "POL"]
[BlackTeamCountry "POL"]

1. d4 Nf6 2. c4 e6 3. Nc3 Bb4 4. Bg5 h6 5. Bh4 g5 6. Bg3 c6 7. Qc2 d5 8. cxd5 exd5 9. e3 Ne4 10. Bd3 Bf5 11. Nge2 Nd7 12. a3 Qa5 13. 0-0 Nxg3 14. Nxg3 Bxd3 15. Qxd3 Bd6 16. Nf5 Qc7 17. h3 0-0-0 18. Rac1 a6 19. Nxd5 Qb8 20. Rxc6+ bxc6 21. Qxa6+ Qb7 22. Nxd6+ Kb8 23. Qxb7# 1-0